000 01036nmm a2200277 a 4500
001 ocm0001162293
003 TR-IsHL
005 20201028154101.0
008 150709s2015 tu eng
007 cr cn
020 _a9786059285124
035 _a1162293
_b(N$T)
050 0 4 _aE457.3
_b.R84 2015
090 0 4 _aE457.3
_b.R84 2015
100 1 _aRothschild, Alonzo
245 1 0 _aHonest Abe: a study in integrity based on the early life of Abraham Lincoln
_h[electronic resource] /
_cAlonzo Rothschild ; illustrated by Paul Avril
260 _aİstanbul :
_bE-Kitap Projesi,
_c2015
300 _a336 p.
500 _a"Alonzo Rothschild, memoir by John Rothschild": p. [285]-306.
_x"A list of books cited": p. [307]-319.
_x
650 4 _aTarih
650 4 _aHistory
650 0 _aLincoln, Abraham, 1809-1865.
650 7 _aBIOGRAPHY & AUTOBIOGRAPHY / Presidents & Heads of State
_2bisacsh
700 1 _aAvril, Paul
856 4 0 _uhttp://search.ebscohost.com/login.aspx?direct=true&scope=site&db=e011xww&AN=1162293
999 _c12389
_d12389